Geography of South Carolina - Statistics

General Stats
  • This quiz has been taken 221 times
  • The average score is 10 of 18
Answer Stats
Question Answer % Correct
What is the state capital of South Carolina? Columbia
91%
What is the most populous city in South Carolina? Charleston
89%
What mountain range does the extreme northwestern South Carolina touch? {Blue} Ridge Mountains
85%
At what fort did the first battle of the Civil War take place? Fort Sumter
81%
What is the most-visited beach town in South Carolina? Myrtle Beach
79%
What is the most well-known resort island of South Carolina? {Hilton} Head
74%
What river on the southern border has the namesake of a Georgian city? Savannah River
70%
What Georgian "golf" city's metropolitan area extends into South Carolina? Augusta
68%
What British island would you reach if you sail eastwards from the above? Bermuda
64%
What is the most populous city in Upstate South Carolina? Greenville
58%
What small city is home to the second-largest university in South Carolina? Clemson
56%
What is the only larger state that borders two other states? Washington
47%
What is the largest lake in South Carolina? (hint: first name of French actress Cotillard) Lake Marion
46%
What name is given to the southern coast of South Carolina? {Low}country
39%
What is the name of the only national park of South Carolina? Congaree
29%
What nickname is given to the Charlotte metropolitan area that spans between the borders of South and North Carolinas? Metro{lina}
21%
What powerful hurricane hit the Carolinas in 2018? Hurricane Florence
12%
What group of coastal islands does South Carolina share with Georgia and Florida? Sea Islands
7%
No matching quizzes found
Score Distribution
Percent of People with Each Score
Percentile by Number Answered
Your Score History
You have not taken this quiz